| 000 | 05478nam a22005657a 4500 | ||
|---|---|---|---|
| 005 | 20091214113318.0 | ||
| 008 | 091214t xxu||||| |||| 00| 0 eng d | ||
| 010 | _aB-369398-423 B-421033 | ||
| 020 |
_a9788184082074 _c130.00 |
||
| 020 |
_a818408207X _c130.00 |
||
| 035 | _aB-369398-423 B-421033 | ||
| 037 | _bIndiana Publishing House DBAD (Gift) | ||
| 040 |
_adpl _bEnglish |
||
| 082 | _aS | ||
| 100 |
_aDumas, Alexandre _923721 |
||
| 245 |
_aThe three musketeers / _cby Alexandre Dumas ; adapted by Mike Dime |
||
| 260 |
_aNew Delhi _bIndiana Publishing House _c2010(repr.). |
||
| 270 |
_a2/13, Ansari Road, Darya Ganj, _bNew Delhi _e110002 |
||
| 300 |
_ax, 238p.: _b ill. _c24cm(Hb) |
||
| 490 |
_aIndiana Illustrated classics _923722 |
||
| 942 |
_2ddc _cCH _mDUM _hS |
||
| 999 |
_c32731 _d32731 |
||